Sborník referátů ze 3. mezinárodní koordinanční porady vedoucích pracovníků výzkumných ústavů odborného školství v socialistických zemích k veděckovýzkumným pracím v oblasti středního odborného školství Kočovce, 19.-22.10.1982

Gespeichert in:
Bibliographische Detailangaben
Format: Buch
Sprache:Tschechisch
Veröffentlicht: Praha Výzkumný ústav odbor. školství 1983
Tags: Tag hinzufügen
Keine Tags, Fügen Sie das erste Tag hinzu!

MARC

LEADER 00000nam a2200000 4500
001 c115477
005 20250818112855.1
041 0 |a cze 
044 |a CZ 
245 1 0 |a Sborník referátů ze 3. mezinárodní koordinanční porady vedoucích pracovníků výzkumných ústavů odborného školství v socialistických zemích k veděckovýzkumným pracím v oblasti středního odborného školství  |b Kočovce, 19.-22.10.1982 
264 1 |a Praha  |b Výzkumný ústav odbor. školství  |c 1983 
300 |a 190 s.